Smallest Population Countries by Continent - Statistics

General Stats
  • This quiz has been taken 308 times
  • The average score is 6 of 11
Answer Stats
Country % Correct
Vatican City
98%
Nauru
73%
Suriname
63%
Seychelles
57%
St Kitts and Nevis
55%
Maldives
50%
Belize
46%
Bhutan
44%
Djibouti
40%
Niue
19%
Sint Maarten
10%
No matching quizzes found
Score Distribution
Percent of People with Each Score
Percentile by Number Answered
Your Score History
You have not taken this quiz